| 000 | 00534cam a22002051 4500 | ||
|---|---|---|---|
| 001 | med47001280 | ||
| 003 | DLC | ||
| 005 | 20260227111602.0 | ||
| 008 | 810725m19479999xx a 000 0 fre | ||
| 010 | _amed47001280 | ||
| 035 | _a(OCoLC)14660323 | ||
| 040 |
_aDLC _cDNLM _dDLC |
||
| 042 | _apremarc | ||
| 050 | 0 | 0 |
_aQD415 _b.J3 |
| 060 | 0 |
_aQU 4 _bJ42p 1947 |
|
| 100 | 1 |
_aJayle, Max-Fernand, _d1913- |
|
| 245 | 1 | 0 | _aPrécis élémentaire de biochimie ... |
| 260 |
_aLons-le-Saunier [France] _bDeclume, _c1947- |
||
| 300 |
_av. _bill. |
||
| 999 |
_c38289 _d38289 |
||